000 00813nam a2200265Ia 4500
003 OSt
005 20220912150913.0
006 a|||||r|||| 00| 0
007 ta
008 220909b |||||||| |||| 00| 0 eng d
024 _a43910
037 _cTextual
040 _aCSL
_beng
_cCSL
041 _aeng
082 _aG91:(E9G), L6
100 _aVan Den Bossche H Ed.
111 _aInternational symposium on biochemistry of parasites and hotparasite relationship (1976 : Belguim)
245 0 _aProceeding on biochemistry of parasites and hotparasite relationship
260 _aAmsterdam
_bNorth-Holland
_c1976
300 _axi, 664p.
_ccm.
650 _a Microbiology
650 _aBiology
942 _hG91:(E9G), L6
_cTEXL
_2CC
999 _c57118
_d57118